Teoría de los juegos (Registro nro. 4907)

Detalles MARC
000 -LEADER
fixed length control field 01123 a2200253 4500
001 - CONTROL NUMBER
control field 49893
005 - DATE AND TIME OF LATEST TRANSACTION
control field 20260407155759.0
008 - FIXED-LENGTH DATA ELEMENTS--GENERAL INFORMATION
fixed length control field 260407a2004 arg spa d
003 - CONTROL NUMBER IDENTIFIER
control field AR-UNSa-BCEJYS
040 ## - CATALOGING SOURCE
Original cataloging agency AR-UNSa-BCEJYS
Language of cataloging spa
Transcribing agency AR-UNSa-BCEJYS
080 ## - UNIVERSAL DECIMAL CLASSIFICATION NUMBER
Universal Decimal Classification number 519.83
Common auxiliary subdivision Teoría de juegos
020 ## - INTERNATIONAL STANDARD BOOK NUMBER
International Standard Book Number 84-205-3726-8
041 ## - LANGUAGE CODE
Language code of text/sound track or separate title spa
100 1# - MAIN ENTRY--PERSONAL NAME
Personal name Pérez Navarro, Joaquín
245 10 - TITLE STATEMENT
Title Teoría de los juegos
264 #1 - PRODUCTION, PUBLICATION, DISTRIBUTION, MANUFACTURE, AND COPYRIGHT NOTICE
Place of production, publication, distribution, manufacture Madrid :
Name of producer, publisher, distributor, manufacturer Pearson Educación
Date of production, publication, distribution, manufacture, or copyright notice 2004
300 ## - PHYSICAL DESCRIPTION
Extent xii, 513 p.
Dimensions 24 cm.
505 ## - FORMATTED CONTENTS NOTE
Formatted contents note 1. Formas de representación de un juego – 2. Juegos estáticos con información completa (I) – 3. Juegos estáticos con información completa (II) – 4. Juegos dinámicos con información completa – 5. Juegos estáticos con información incompleta – 6. Juegos dinámicos con información incompleta – 7. Juegos repetidos – 8. Juegos cooperativos.
590 ## - LOCAL NOTE (RLIN)
Local note niveau_biblio:m niveau_hierar:0
700 1# - ADDED ENTRY--PERSONAL NAME
Personal name Jimeno Pastor, José Luis
700 1# - ADDED ENTRY--PERSONAL NAME
Personal name Cerdá Tena, Emilio
856 41 - ELECTRONIC LOCATION AND ACCESS
Uniform Resource Identifier <a href="https://www.biblioeco.unsa.edu.ar/pmb/images/libros/L128217.jpg">https://www.biblioeco.unsa.edu.ar/pmb/images/libros/L128217.jpg</a>
Link text Imagen de portada
Electronic format type image/jpeg
942 ## - ADDED ENTRY ELEMENTS (KOHA)
Koha item type
Existencias
Withdrawn status Lost status Damaged status Not for loan Home library Current library Shelving location Date acquired Total checkouts Full call number Barcode Date last seen Price effective from Koha item type
        Biblioteca Prof. Eusebio Cleto del Rey Biblioteca Prof. Eusebio Cleto del Rey   07/04/2026   519.83 P438 L128217 07/04/2026 07/04/2026 Libro
        Biblioteca Prof. Eusebio Cleto del Rey Biblioteca Prof. Eusebio Cleto del Rey   07/04/2026   519.83 P438 L128289 07/04/2026 07/04/2026 Libro